000 00473nam a22001817a 4500
003 MPLRDC
005 20220104113819.0
008 210129b ||||| |||| 00| 0 eng d
020 _a957-773-175-9
082 _a889 HCJD v.56
100 _aKATE HOFFMANN
245 _a动情秘药
_c罗慧文译
260 _a
_b禾林图书股份有限公司
_c1995
300 _b
490 _a红尘经典. 56
650 _a西洋小说之中文翻译
942 _cBK
_o889 HCJD v.56
999 _c2566
_d2556